000 nam a22 4500
999 _c9098
_d9098
008 180410b ||||| |||| 00| 0 eng d
100 _927255
_aAurelio, Julie M.
245 _aDivorce no solution to extramarital affairs- bishop/
_cJulie M. Aurelio
260 _aPhilippines
_bPhilippine Daily Inquirer
_cc2017
300 _apage A11.
650 0 _927256
_aMarriage.
942 _2ddc
_cPER